000 004700000a22001090004500
100 1 _aRokhum, Kuki
245 1 0 _aGrupos de autoayuda : empoderando a las mujeres
300 _aVol.0, núm.66 (Mayo, 2006), Páginas 12-13
520 _aLa constitución india concede iguales derechos a hombres y mujeres. Pero la realidad es que las vidas de las mujeres todavía están formadas por costumbres y tradiciones que operan contra ellas.
773 0 _tPaso a Paso
942 _cANA
999 _c61521
_d61521